Statistiken für Satellitenbilder #5

Klicken Sie hier um das Quiz zu spielen!

Allgemein

  • Dieses Quiz wurde 867 mal gespielt
  • Das Durchschnittsergebnis liegt bei 9 aus 16

Antwortstatistiken

Answer % Korrekt
Grönland
95%
Pentagon
90%
Indonesien
86%
Straße von {Gibraltar}
82%
Golf von Mexiko
66%
London
64%
Kroatien
62%
Gangesdelta
56%
Costa Rica
54%
Kaukasus
45%
Kuwait
44%
Nordinsel
40%
Golf von {Bengalen}
39%
Baikalsee
38%
Hongkong
23%
Puget Sound
5%

Verteilung der Resultate

Perzentil nach korrekt beantworteten Fragen

Anzahl Personen mit jedem Resultat

Ihre Resultats-Entwicklung

Sie haben dieses Quiz noch nicht gespielt